| 000 | 01017nam a22002175i 4500 | ||
|---|---|---|---|
| 001 | 165200 | ||
| 003 | ES-MaACL | ||
| 005 | 20230906213102.0 | ||
| 008 | 150930m19041925sp |||| | spa d | ||
| 100 | 1 |
_aGutiérrez de Santa Clara, Pedro. _9157751 |
|
| 245 | 1 | 0 |
_aHistoria de las guerras civiles del Perú (1544-1548) y de otros sucesos de las Indias / _cpor Pedro Gutiérrez de Santa Clara. |
| 260 |
_aMadrid : _bLibrería General de Victoriano Suárez, _c1904-1925. |
||
| 300 |
_a5 v. ; _c20 cm. |
||
| 490 | 1 |
_aColección de libros y documentos referentes a la historia de América ; _v2-4, 10, 20 |
|
| 530 | _aDisponible en formato digital. | ||
| 651 | 4 |
_aPerú- _xHistoria- _yDescubrimiento y conquista, 1522-1548. _99226 |
|
| 830 | 0 |
_aColección de libros y documentos referentes a la historia de América ; _v2-4, 10, 20 _9187663 |
|
| 852 |
_aES-MaACL _jR-2327-31 _x Olim: D.2302-21 |
||
| 856 |
_uhttp://bdh-rd.bne.es/viewer.vm?id=0000175716&page=1 _zBiblioteca Digital Hispánica |
||
| 999 |
_c165200 _d165200 |
||